000 01211nam a2200253Ia 4500
999 _c35365
_d35365
001 1218
003 GE_BSU
005 20190617191240.0
008 181216s2009||||ge |||||||||||||| ||geo||
020 _a9789992853627
040 _cGE_BSU
041 _ageo
080 _a573.6(075.8) ქ–60
100 _aქობალია, ვახტანგ
_92530
245 _aმცენარეთა ბიოტექნოლოგია :
_bსახელმძღვ. სას.-სამ. და სატყეო საქმის სპეც. სტუდენტებისათვის /
_cვახტანგ ქობალია ; რედ. ა. მიქელაძე.
264 _aქუთაისი :
_bმოწამეთა,
_c2008.
300 _a532 გვ.
_b ცხრ., ილ. ;
_c20 სმ.
504 _aბიბლიოგრ.: გვ. 523-524.
653 _aბიოტექნოლოგია
653 _aუჯრედული ბიოტექნოლოგია
653 _aგენეტიკური ინჟინერია
700 _aმიქელაძე, ა.
_eრედაქტორი
_92531
942 _cBK
_2udc